000 00283nam a2200109Ia 4500
008 220216s9999 xx 000 0 und d
245 0 _aRubber flooring - the strong, silent type
260 _bRubber Developments
_c1969
300 _a100-104
650 _aRubber flooring
942 _cJS
999 _c67590
_d67590